[Event "Titled Tuesday 2021.07.27"]
[Site "chess.com INT"]
[Date "2021.07.27"]
[Round "1"]
[White "Baker, CW."]
[Black "Atanasov, Anthony"]
[Result "1-0"]
[WhiteElo "2227"]
[BlackElo "2070"]
[PlyCount "81"]
[EventDate "2021.07.27"]
[EventType "swiss (blitz)"]
[EventRounds "11"]
[EventCountry "NET"]
[Source "Mark Crowther"]
[SourceDate "2021.08.02"]

1. e4 c5 2. Nf3 d6 3. Bb5+ Nd7 4. O-O a6 5. Be2 Ngf6 6. Nc3 b5 7. d3 Bb7 8. Bg5
h6 9. Bh4 e6 10. Re1 Be7 11. a4 b4 12. Nb1 a5 13. Nbd2 Ng4 14. Bg3 h5 15. h3 h4
16. Bh2 Nxh2 17. Nxh2 Bf6 18. Rb1 Bd4 19. Nhf3 Qf6 20. Nxd4 cxd4 21. Nc4 Ke7
22. Qd2 Ne5 23. Nxe5 dxe5 24. c3 Qf4 25. Qxf4 exf4 26. cxd4 Rhd8 27. Rec1 Rxd4
28. Rc5 Kd6 29. Rbc1 e5 30. Rc7 Rb8 31. Rxf7 Ba6 32. Rcc7 Rb6 33. Rxg7 b3 34.
Rgd7+ Ke6 35. Bg4+ Kf6 36. Rf7+ Kg5 37. Rg7+ Kh6 38. Bf5 Rxd3 39. Rh7+ Kg5 40.
Rcg7+ Kf6 41. Rg6# 1-0

[Event "Titled Tuesday 2021.07.13"]
[Site "chess.com INT"]
[Date "2021.07.13"]
[Round "1"]
[White "Atanasov, Anthony"]
[Black "Quirke, J."]
[Result "1-0"]
[WhiteElo "2070"]
[BlackElo "2120"]
[PlyCount "95"]
[EventDate "2021.07.13"]
[EventType "swiss (blitz)"]
[EventRounds "11"]
[EventCountry "NET"]
[Source "Mark Crowther"]
[SourceDate "2021.07.19"]

1. d4 d5 2. Bf4 e6 3. e3 Nf6 4. Nf3 Bd6 5. Nbd2 Bxf4 6. exf4 Qd6 7. Ne5 O-O 8.
c3 b6 9. a4 a5 10. Bd3 Ba6 11. Qf3 Bxd3 12. Qxd3 c5 13. h4 Nc6 14. Ndf3 cxd4
15. Nxc6 Qxc6 16. Qxd4 b5 17. Ne5 Qb7 18. axb5 Qxb5 19. Qd2 Rfb8 20. Rb1 a4 21.
Qd3 Ne4 22. O-O Qxd3 23. Nxd3 Nd2 24. Ra1 Nxf1 25. Kxf1 a3 26. b4 Rc8 27. Nc5
Ra7 28. Ke2 Kf8 29. Ra2 Ke7 30. Kd3 Kd6 31. Nb3 f6 32. Nd4 Rb8 33. g3 g6 34. f3
e5 35. fxe5+ fxe5 36. Nb3 Rc8 37. Na5 e4+ 38. fxe4 dxe4+ 39. Kd4 e3 40. Rxa3 e2
41. Ra1 Re7 42. Re1 Rf8 43. Nc4+ Kc7 44. Ne3 Rf2 45. Nd5+ Kd7 46. Nxe7 Kxe7 47.
Kd3 Rf3+ 48. Kxe2 1-0

[Event "Titled Tuesday 2021.07.13"]
[Site "chess.com INT"]
[Date "2021.07.13"]
[Round "3"]
[White "Dolzhykova, Kateryna"]
[Black "Atanasov, Anthony"]
[Result "0-1"]
[WhiteElo "2166"]
[BlackElo "2070"]
[PlyCount "238"]
[EventDate "2021.07.13"]
[EventType "swiss (blitz)"]
[EventRounds "11"]
[EventCountry "NET"]
[Source "Mark Crowther"]
[SourceDate "2021.07.19"]

1. e4 c5 2. Nf3 d6 3. g3 Nf6 4. Nc3 g6 5. Bg2 Bg7 6. O-O O-O 7. d3 Nc6 8. Nh4
e5 9. f4 Nd4 10. f5 b5 11. Bg5 b4 12. Nd5 h6 13. Nxf6+ Bxf6 14. Bxh6 Bxh4 15.
Bxf8 Bg5 16. fxg6 Qxf8 17. Rxf7 Qh6 18. c3 Qxg6 19. Qf1 Qxf7 20. cxd4 Be3+ 21.
Kh1 Qxf1+ 22. Rxf1 cxd4 23. b3 Ba6 24. Rd1 Rc8 25. Bh3 Rc1 26. Be6+ Kg7 27.
Rxc1 Bxc1 28. Bc4 Bxc4 29. bxc4 a5 30. Kg2 a4 31. Kf2 b3 32. axb3 axb3 33. c5
b2 34. c6 b1=Q 35. c7 Qc2+ 36. Kf3 Qd1+ 37. Kg2 Qe2+ 38. Kh3 Qf1+ 39. Kh4 Qf6+
40. Kh3 Qh6+ 41. Kg2 Qh8 42. h4 Qc8 43. g4 Qxg4+ 44. Kf1 Be3 45. h5 Qf3+ 46.
Ke1 Qh1+ 47. Ke2 Qxh5+ 48. Ke1 Qg4 49. c8=Q Qxc8 50. Kf1 Qc2 51. Ke1 Bf4 52.
Kf1 Qxd3+ 53. Kg1 Qxe4 54. Kf1 d3 55. Kg1 d2 56. Kf2 d1=B 57. Kf1 Bg4 58. Kf2
Bc8 59. Kg1 Kf7 60. Kf1 Ke8 61. Kf2 Bh6 62. Kg1 Bf8 63. Kf1 d5 64. Kf2 d4 65.
Kg1 d3 66. Kf2 d2 67. Kg3 d1=N 68. Kh2 Nc3 69. Kg3 Nd5 70. Kh2 Nb6 71. Kg3 Nd7
72. Kh2 Nb8 73. Kg3 Qf4+ 74. Kg2 e4 75. Kg1 e3 76. Kg2 e2 77. Kg1 e1=N 78. Kh1
Nd3 79. Kg1 Ne5 80. Kh1 Nf7 81. Kg2 Nh6 82. Kg1 Ng8 83. Kg2 Qd2+ 84. Kg1 Qe2
85. Kh1 Qd1+ 86. Kh2 Qf1 87. Kg3 Qe2 88. Kf4 Qd3 89. Kg5 Qe4 90. Kh5 Qf4 91.
Kg6 Qg4+ 92. Kh7 Qg5 93. Kh8 Kd8 94. Kh7 Kc7 95. Kh8 Kb7 96. Kh7 Ka8 97. Kh8
Ka7 98. Kh7 Ka6 99. Kh8 Ka5 100. Kh7 Ka4 101. Kh8 Ka3 102. Kh7 Ka2 103. Kh8 Ka1
104. Kh7 Kb1 105. Kh8 Kc1 106. Kh7 Kd1 107. Kh8 Ke1 108. Kh7 Kf1 109. Kh8 Kg1
110. Kh7 Kh1 111. Kh8 Qg2 112. Kh7 Kh2 113. Kh8 Kh3 114. Kh7 Be6 115. Kh8 Nd7
116. Kh7 Ne5 117. Kh8 Qh1 118. Kh7 Kh2 119. Kh8 Kg1# 0-1

[Event "Philadelphia int."]
[Site "Philadelphia USA"]
[Date "2021.06.28"]
[Round "6"]
[White "Atanasov, Anthony"]
[Black "Wang, Jason"]
[Result "1/2-1/2"]
[WhiteElo "2172"]
[BlackElo "2312"]
[PlyCount "75"]
[EventDate "2021.06.26"]
[EventType "swiss"]
[EventRounds "9"]
[EventCountry "USA"]
[Source "Mark Crowther"]
[SourceDate "2021.07.05"]

1. d4 d5 2. Bf4 Nf6 3. e3 c5 4. Nf3 Nc6 5. Nbd2 cxd4 6. exd4 Bf5 7. c3 e6 8.
Qb3 Bd6 9. Bg3 Rb8 10. Be2 h6 11. O-O O-O 12. Ne5 Qc7 13. Ndf3 Ne4 14. Nd3 b5
15. Bxd6 Qxd6 16. Nde5 Ne7 17. a3 f6 18. Nd3 Nc6 19. Qd1 a5 20. Nd2 e5 21. Nxe4
Bxe4 22. Nc5 Bg6 23. b4 a4 24. Qd2 e4 25. f4 f5 26. Qe3 Ne7 27. g3 Nc8 28. Rf2
Qe7 29. Rg2 Nd6 30. Kf2 Rbe8 31. Rag1 Qf7 32. h3 Re7 33. Rh1 Qe8 34. Kg1 Rf6
35. Kh2 Qf7 36. Rf1 Qe8 37. Rff2 Kh7 38. Rf1 1/2-1/2

[Event "Philadelphia int."]
[Site "Philadelphia USA"]
[Date "2021.06.29"]
[Round "7"]
[White "Atanasov, Anthony"]
[Black "Song, Edward"]
[Result "0-1"]
[WhiteElo "2172"]
[BlackElo "2401"]
[PlyCount "80"]
[EventDate "2021.06.26"]
[EventType "swiss"]
[EventRounds "9"]
[EventCountry "USA"]
[Source "Mark Crowther"]
[SourceDate "2021.07.05"]

1. d4 Na6 2. Bf4 g6 3. e3 Bg7 4. Nf3 d6 5. Be2 Nf6 6. O-O O-O 7. c4 c5 8. Nc3
Nh5 9. Bg5 h6 10. Bh4 g5 11. Ne1 cxd4 12. exd4 Nf4 13. Bg3 Nxe2+ 14. Nxe2 Qb6
15. Qd2 Qb4 16. Qc2 b5 17. b3 bxc4 18. bxc4 Be6 19. Rc1 Rac8 20. c5 dxc5 21.
Nd3 Qa3 22. Nxc5 Nxc5 23. dxc5 Rc6 24. Qe4 Rxc5 25. Rxc5 Qxc5 26. Rc1 Rd8 27.
h4 Qd5 28. Qxd5 Rxd5 29. hxg5 hxg5 30. Rc7 Rd2 31. Nc1 a5 32. Kh2 Bf6 33. Rc5
a4 34. Be5 Rxf2 35. Bxf6 exf6 36. Kg3 Rd2 37. Kf3 Bxa2 38. Ke3 Rxg2 39. Ne2 Rh2
40. Kf3 Be6 0-1

[Event "National op"]
[Site "Las Vegas USA"]
[Date "2021.06.17"]
[Round "1.13"]
[White "Atanasov, Anthony"]
[Black "Kaidanov, Gregory"]
[Result "0-1"]
[WhiteElo "2172"]
[BlackElo "2549"]
[PlyCount "100"]
[EventDate "2021.06.17"]
[EventType "swiss"]
[EventRounds "9"]
[EventCountry "USA"]
[Source "ChessMix"]
[SourceDate "2021.07.01"]

1. d4 d5 2. Bf4 c5 3. e3 Nc6 4. Nf3 Nf6 5. Nbd2 e6 6. c3 cxd4 7. exd4 Nh5 8.
Be5 f6 9. Bg3 g6 10. Bd3 Bd6 11. Bxd6 Qxd6 12. O-O O-O 13. Re1 Bd7 14. Bb5 Rae8
15. Nf1 a6 16. Ba4 Kh8 17. Ne3 Rd8 18. Qd2 g5 19. Bc2 Be8 20. g3 Ne7 21. Kg2
Bg6 22. Bxg6 Nxg6 23. Ng4 Rde8 24. Rad1 Qd7 25. h3 Re7 26. Kh2 Ng7 27. Qd3 Qc6
28. Rd2 Nf5 29. Rde2 Kg7 30. Ne3 Nd6 31. Nd2 f5 32. Nf3 Ne4 33. Ne5 Nxe5 34.
dxe5 Kh8 35. Nc2 g4 36. h4 f4 37. Nd4 Qe8 38. Rxe4 dxe4 39. Qxe4 Ref7 40. Re2
fxg3+ 41. Kxg3 Qe7 42. a3 Rf4 43. Qxf4 Rxf4 44. Kxf4 Qxh4 45. Ke3 Qg5+ 46. f4
Qh6 47. Rg2 Qh3+ 48. Kf2 Kg8 49. Nxe6 Qf3+ 50. Kg1 g3 0-1

[Event "Titled Tuesday 2021.06.08"]
[Site "chess.com INT"]
[Date "2021.06.08"]
[Round "1"]
[White "Atanasov, Anthony"]
[Black "Funderburg, J."]
[Result "1-0"]
[WhiteElo "2172"]
[BlackElo "2100"]
[PlyCount "47"]
[EventDate "2021.06.08"]
[EventType "swiss (blitz)"]
[EventRounds "11"]
[EventCountry "NET"]
[Source "Mark Crowther"]
[SourceDate "2021.06.14"]

1. d4 Nf6 2. Bf4 d5 3. e3 e6 4. Nf3 Bd6 5. Nbd2 O-O 6. c3 b6 7. Bg3 c5 8. a4
Bb7 9. Bxd6 Qxd6 10. Ne5 cxd4 11. exd4 Ne4 12. Bd3 f6 13. Nec4 Qf4 14. Bxe4
dxe4 15. Ne3 f5 16. O-O Nd7 17. Ndc4 Rac8 18. Qb3 Kh8 19. a5 Qg5 20. Nd6 f4 21.
Qxe6 fxe3 22. Qxd7 Bc6 23. Nf7+ Rxf7 24. Qxc8+ 1-0

[Event "Titled Tuesday 2021.06.08"]
[Site "chess.com INT"]
[Date "2021.06.08"]
[Round "2"]
[White "Atanasov, Anthony"]
[Black "Nesterov, Arseniy"]
[Result "0-1"]
[WhiteElo "2172"]
[BlackElo "2479"]
[PlyCount "46"]
[EventDate "2021.06.08"]
[EventType "swiss (blitz)"]
[EventRounds "11"]
[EventCountry "NET"]
[Source "Mark Crowther"]
[SourceDate "2021.06.14"]

1. d4 d5 2. Bf4 Nf6 3. e3 Bf5 4. Nf3 e6 5. Nbd2 Bd6 6. Bg3 O-O 7. Bd3 Bg6 8.
Qe2 c5 9. c3 Nc6 10. Bxd6 Qxd6 11. dxc5 Qxc5 12. e4 Rad8 13. e5 Bxd3 14. Qxd3
Ng4 15. Qe2 d4 16. Ne4 Qa5 17. b4 Qb6 18. Nc5 dxc3 19. a3 a5 20. Qe4 axb4 21.
axb4 Nxb4 22. Qxg4 Nc2+ 23. Ke2 Qb5+ 0-1

[Event "Titled Tuesday 2021.06.08"]
[Site "chess.com INT"]
[Date "2021.06.08"]
[Round "3"]
[White "Mohota, N."]
[Black "Atanasov, Anthony"]
[Result "0-1"]
[WhiteElo "2195"]
[BlackElo "2172"]
[PlyCount "116"]
[EventDate "2021.06.08"]
[EventType "swiss (blitz)"]
[EventRounds "11"]
[EventCountry "NET"]
[Source "Mark Crowther"]
[SourceDate "2021.06.14"]

1. d4 e5 2. dxe5 Nc6 3. Nf3 Qe7 4. Nc3 Nxe5 5. Nd5 Nxf3+ 6. gxf3 Qd8 7. Bf4 d6
8. Qd2 Nf6 9. Bg5 Be7 10. Nxe7 Qxe7 11. O-O-O h6 12. Be3 Be6 13. Rg1 g5 14. Bd4
c5 15. Bc3 O-O-O 16. f4 Ne4 17. Qe1 Nxc3 18. Qxc3 gxf4 19. Bg2 Rhg8 20. Qf3 d5
21. Qxf4 Qg5 22. Qxg5 Rxg5 23. f4 Rg7 24. Bf3 Rxg1 25. Rxg1 d4 26. Rg7 Re8 27.
f5 Bxf5 28. Rxf7 Be4 29. Bxe4 Rxe4 30. Kd2 Rh4 31. Rf2 Rh3 32. b3 Kc7 33. Rg2
b6 34. Rg7+ Kc6 35. Rg6+ Kd5 36. Rg2 a5 37. a4 c4 38. bxc4+ Kxc4 39. Rg6 Kc5
40. Rg2 Kb4 41. Rg6 Kxa4 42. Rxb6 Rxh2 43. Rd6 Rh4 44. Kd3 Kb5 45. Rd5+ Kc6 46.
Rd8 h5 47. Ra8 Kb5 48. Rb8+ Kc5 49. Rc8+ Kb6 50. Rb8+ Ka7 51. Rb1 Rg4 52. Ra1
Kb6 53. Rb1+ Kc5 54. Ra1 Kb5 55. Rb1+ Ka6 56. Ra1 h4 57. Rh1 a4 58. Kc4 Ka5 0-1

[Event "Titled Tuesday 2021.06.08"]
[Site "chess.com INT"]
[Date "2021.06.08"]
[Round "4"]
[White "Shahaliyev, Ismayil"]
[Black "Atanasov, Anthony"]
[Result "1-0"]
[WhiteElo "2413"]
[BlackElo "2172"]
[PlyCount "53"]
[EventDate "2021.06.08"]
[EventType "swiss (blitz)"]
[EventRounds "11"]
[EventCountry "NET"]
[Source "Mark Crowther"]
[SourceDate "2021.06.14"]

1. d4 e5 2. dxe5 Nc6 3. Nf3 Qe7 4. e4 Nxe5 5. Nxe5 Qxe5 6. Bd3 Nf6 7. O-O Bc5
8. Kh1 O-O 9. f4 Qe7 10. e5 Ne8 11. Nc3 c6 12. Ne4 d5 13. exd6 Bxd6 14. f5 Nf6
15. Bg5 Be5 16. Qf3 h6 17. Bh4 Qd8 18. Rad1 Qb6 19. Nxf6+ Bxf6 20. Bxf6 gxf6
21. Qf4 Kh7 22. Rf3 Rg8 23. Rh3 Rg5 24. Be4 Qb4 25. c3 Qxb2 26. Qc7 Bxf5 27.
Qxf7+ 1-0

[Event "Titled Tuesday 2021.06.08"]
[Site "chess.com INT"]
[Date "2021.06.08"]
[Round "5"]
[White "Atanasov, Anthony"]
[Black "Logozar, Elijah"]
[Result "1-0"]
[WhiteElo "2172"]
[BlackElo "1952"]
[PlyCount "123"]
[EventDate "2021.06.08"]
[EventType "swiss (blitz)"]
[EventRounds "11"]
[EventCountry "NET"]
[Source "Mark Crowther"]
[SourceDate "2021.06.14"]

1. d4 d5 2. Nf3 Nf6 3. Bf4 c5 4. e3 Nc6 5. Nbd2 Qb6 6. dxc5 Qxb2 7. Rb1 Qc3 8.
Bb5 g6 9. O-O Bg7 10. Ne5 O-O 11. Nxc6 bxc6 12. Bxc6 Ba6 13. Bxa8 Bxf1 14. Bb7
Bc4 15. c6 e5 16. Nxc4 dxc4 17. c7 exf4 18. Qd8 Qxc2 19. Rf1 fxe3 20. fxe3 Qd3
21. Qxd3 cxd3 22. Rd1 Nd5 23. c8=Q Rxc8 24. Bxc8 Nxe3 25. Rxd3 Nc4 26. Ba6 Nb6
27. Rd8+ Bf8 28. Rb8 Kg7 29. Rb7 Nd5 30. Bc4 Bc5+ 31. Kh1 Ne7 32. Rc7 Bd6 33.
Rxa7 Kf6 34. Rb7 Ba3 35. Rb3 Bc5 36. Rf3+ Ke5 37. Rxf7 h5 38. a4 Nc6 39. Bb5
Nd4 40. Rg7 Kf6 41. Rc7 Bb6 42. Rb7 Bc5 43. a5 h4 44. a6 Kg5 45. a7 Bxa7 46.
Rxa7 Nxb5 47. Ra5 h3 48. Rxb5+ Kh4 49. gxh3 g5 50. Kg2 g4 51. Rb4 Kg5 52. Rxg4+
Kf5 53. Kg3 Kf6 54. h4 Kf5 55. h5 Kf6 56. h6 Kf5 57. h7 Ke6 58. h8=Q Kf5 59.
Qh5+ Kf6 60. Rg6+ Kf7 61. Qh7+ Kf8 62. Rg8# 1-0

[Event "Titled Tuesday 2021.06.08"]
[Site "chess.com INT"]
[Date "2021.06.08"]
[Round "6"]
[White "Bryakin, Mikhail"]
[Black "Atanasov, Anthony"]
[Result "1-0"]
[WhiteElo "2463"]
[BlackElo "2172"]
[PlyCount "59"]
[EventDate "2021.06.08"]
[EventType "swiss (blitz)"]
[EventRounds "11"]
[EventCountry "NET"]
[Source "Mark Crowther"]
[SourceDate "2021.06.14"]

1. e4 c5 2. Be2 d6 3. f4 Nf6 4. d3 g6 5. Nf3 Bg7 6. O-O O-O 7. h3 Nc6 8. Be3
Nd7 9. c3 b5 10. Nbd2 Bb7 11. g4 e5 12. f5 f6 13. a4 a6 14. Kg2 g5 15. h4 h6
16. Rh1 Ne7 17. hxg5 fxg5 18. c4 Nf6 19. Kg3 b4 20. Rh3 h5 21. Nxg5 Nxg4 22.
Bxg4 hxg4 23. Qxg4 Rf6 24. Ne6 Rxe6 25. fxe6 Qe8 26. Rf1 Qg6 27. Rf7 Qxg4+ 28.
Kxg4 Re8 29. Bg5 Bf8 30. Bf6 1-0

[Event "Titled Tuesday 2021.06.08"]
[Site "chess.com INT"]
[Date "2021.06.08"]
[Round "7"]
[White "Morris-Suzuki, Sophie"]
[Black "Atanasov, Anthony"]
[Result "1-0"]
[WhiteElo "2043"]
[BlackElo "2172"]
[PlyCount "65"]
[EventDate "2021.06.08"]
[EventType "swiss (blitz)"]
[EventRounds "11"]
[EventCountry "NET"]
[Source "Mark Crowther"]
[SourceDate "2021.06.14"]

1. d4 e5 2. dxe5 Nc6 3. Nf3 Qe7 4. Nc3 Nxe5 5. Nd5 Nxf3+ 6. gxf3 Qd8 7. Bf4 d6
8. e4 Nf6 9. Bc4 Be6 10. Qe2 Bxd5 11. exd5+ Qe7 12. Be3 O-O-O 13. O-O-O Kb8 14.
Rhe1 Qd7 15. Bb5 Qf5 16. Bc6 bxc6 17. Qa6 c5 18. Rd3 Nxd5 19. Ra3 Qxc2+ 20.
Kxc2 Nb4+ 21. Kb1 Nxa6 22. Rxa6 Kb7 23. Ra3 d5 24. Rc1 c4 25. Rxa7+ Kb8 26. Ra5
c6 27. b3 cxb3 28. Rxc6 bxa2+ 29. Kxa2 d4 30. Rb5+ Ka7 31. Rc4 Ka6 32. Rb3 Rd5
33. Bd2 1-0

[Event "Titled Tuesday 2021.06.01"]
[Site "chess.com INT"]
[Date "2021.06.01"]
[Round "1"]
[White "Atanasov, Anthony"]
[Black "Perunovic, Mil"]
[Result "1-0"]
[WhiteElo "2172"]
[BlackElo "2567"]
[PlyCount "129"]
[EventDate "2021.06.01"]
[EventType "swiss"]
[EventRounds "11"]
[EventCountry "NET"]
[Source "Mark Crowther"]
[SourceDate "2021.06.07"]

1. d4 Nf6 2. Bf4 e6 3. e3 c5 4. Nf3 b6 5. Nbd2 cxd4 6. exd4 Be7 7. Bd3 Ba6 8.
Bxa6 Nxa6 9. c3 O-O 10. O-O Qc8 11. Qe2 Qb7 12. Rfe1 Rac8 13. Nc4 Nd5 14. Bg3
b5 15. Ne3 Nac7 16. Bxc7 Rxc7 17. Nxd5 Qxd5 18. Qd3 Qc4 19. Qxc4 bxc4 20. Re2
Rb8 21. Rb1 f6 22. Kf1 Kf7 23. Rc2 Rc6 24. b3 a5 25. Nd2 cxb3 26. axb3 d5 27.
Ke2 a4 28. bxa4 Ra8 29. Ra1 e5 30. dxe5 fxe5 31. c4 Bb4 32. Nf3 Kf6 33. Nd2
Bxd2 34. Kxd2 dxc4 35. a5 Ke6 36. Kc3 Rc5 37. a6 Ra7 38. Kb4 Rc6 39. Kb5 Kd6
40. Rxc4 Rxc4 41. Kxc4 Kc6 42. Kd3 Kd5 43. Ra5+ Kd6 44. Ke4 g6 45. Rd5+ Kc6 46.
Rxe5 Rf7 47. f4 Kb6 48. Re6+ Ka7 49. g4 Rc7 50. Ke5 Rc2 51. h4 Rg2 52. g5 Rg4
53. Re7+ Kxa6 54. Rxh7 Kb6 55. Rh6 Kc5 56. Rxg6 Rxh4 57. Rg8 Rh1 58. Rc8+ Kb6
59. Kf6 Rg1 60. f5 Kb7 61. Rc2 Rb1 62. g6 Rg1 63. Kf7 Kb6 64. f6 Kb5 65. g7 1-0

[Event "Titled Tuesday 2021.05.25"]
[Site "chess.com INT"]
[Date "2021.05.25"]
[Round "2"]
[White "Li, Hui"]
[Black "Atanasov, Anthony"]
[Result "0-1"]
[WhiteElo "1990"]
[BlackElo "2172"]
[PlyCount "96"]
[EventDate "2021.05.25"]
[EventType "swiss (blitz)"]
[EventRounds "11"]
[EventCountry "NET"]
[Source "Mark Crowther"]
[SourceDate "2021.05.31"]

1. e4 c5 2. Nf3 d6 3. d4 cxd4 4. Nxd4 Nf6 5. Nc3 a6 6. Be2 e6 7. O-O Nbd7 8. a4
b6 9. f4 Bb7 10. Bf3 Be7 11. g4 h6 12. Qe2 g5 13. e5 Bxf3 14. Nxf3 Nxg4 15. h3
h5 16. hxg4 hxg4 17. Nxg5 Bxg5 18. fxg5 Nxe5 19. Bf4 Nf3+ 20. Kg2 Qe7 21. Ne4
Rd8 22. Nf6+ Kf8 23. Nxg4 Nh4+ 24. Kg1 Nf5 25. Nf6 Qb7 26. Qg2 Qxg2+ 27. Kxg2
Ke7 28. Rh1 Nh4+ 29. Kg3 Nf5+ 30. Kf3 Nd4+ 31. Kg4 Nxc2 32. Rac1 Rxh1 33. Rxh1
e5 34. Bg3 Ne3+ 35. Kf3 Nf5 36. Kg4 Ke6 37. Rd1 Ne3+ 38. Kf3 Nxd1 39. Ne4 d5
40. Nd2 e4+ 41. Ke2 Nxb2 42. Nb3 Nxa4 43. Bc7 Rc8 44. Bg3 Rc3 45. Nd4+ Kd7 46.
Nf5 Rd3 47. Be5 Nc3+ 48. Kf2 Rf3+ 0-1

[Event "Titled Tuesday 2021.05.25"]
[Site "chess.com INT"]
[Date "2021.05.25"]
[Round "3"]
[White "Atanasov, Anthony"]
[Black "Pert, R."]
[Result "1/2-1/2"]
[WhiteElo "2172"]
[BlackElo "2416"]
[PlyCount "117"]
[EventDate "2021.05.25"]
[EventType "swiss (blitz)"]
[EventRounds "11"]
[EventCountry "NET"]
[Source "Mark Crowther"]
[SourceDate "2021.05.31"]

1. d4 d5 2. Bf4 Nf6 3. e3 e6 4. Nf3 Bd6 5. Nbd2 O-O 6. c3 b6 7. Bd3 Ba6 8. Bxa6
Nxa6 9. Ne5 c5 10. Qf3 Rc8 11. O-O Nb8 12. a4 Nc6 13. Nxc6 Rxc6 14. Bxd6 Qxd6
15. Qg3 Qxg3 16. hxg3 a6 17. a5 cxd4 18. exd4 b5 19. Nb3 Nd7 20. Nc1 b4 21. Ne2
Rb8 22. Rfc1 bxc3 23. bxc3 Kf8 24. Ra2 Ke7 25. Kf1 Kd6 26. Ke1 Rb5 27. Kd2 Nf6
28. f3 Kc7 29. g4 h6 30. Nf4 Ne8 31. Nd3 Nd6 32. Nc5 Nb7 33. Nxb7 Kxb7 34. Rcc2
Rc4 35. Rcb2 Kc6 36. Rxb5 axb5 37. Kc2 Kb7 38. Kb3 Ka6 39. f4 g6 40. g3 h5 41.
gxh5 gxh5 42. Rh2 Kxa5 43. Rxh5 b4 44. cxb4+ Kb5 45. Rh7 Rxd4 46. Kc3 Rc4+ 47.
Kd3 Rxb4 48. Rxf7 Rb3+ 49. Kd4 Rxg3 50. Rf6 Rg4 51. Rxe6 Rxf4+ 52. Kxd5 Rf1 53.
Re8 Kb4 54. Rb8+ Kc3 55. Rc8+ Kd3 56. Re8 Rd1 57. Ke6 Re1+ 58. Kf7 Rxe8 59.
Kxe8 1/2-1/2

[Event "Titled Tuesday 2021.05.25"]
[Site "chess.com INT"]
[Date "2021.05.25"]
[Round "4"]
[White "Kovalev, De"]
[Black "Atanasov, Anthony"]
[Result "1-0"]
[WhiteElo "2487"]
[BlackElo "2172"]
[PlyCount "49"]
[EventDate "2021.05.25"]
[EventType "swiss (blitz)"]
[EventRounds "11"]
[EventCountry "NET"]
[Source "Mark Crowther"]
[SourceDate "2021.05.31"]

1. Nf3 Nf6 2. c4 g6 3. Nc3 d5 4. cxd5 Nxd5 5. Qa4+ Bd7 6. Qb3 Nb6 7. d4 Bg7 8.
e4 Nc6 9. Be3 O-O 10. Be2 e6 11. O-O Qe7 12. Rac1 Na5 13. Qc2 f5 14. exf5 exf5
15. Rfe1 Kh8 16. d5 f4 17. Bd4 Bxd4 18. Nxd4 Qf6 19. Rcd1 Nac4 20. Ne4 Bf5 21.
Bxc4 Nxc4 22. Qxc4 Bxe4 23. Rxe4 Rae8 24. Ne6 Rf7 25. Rxf4 1-0

[Event "Titled Tuesday 2021.05.18"]
[Site "chess.com INT"]
[Date "2021.05.18"]
[Round "1"]
[White "Dang, H."]
[Black "Atanasov, Anthony"]
[Result "1-0"]
[WhiteElo "2363"]
[BlackElo "2172"]
[PlyCount "95"]
[EventDate "2021.05.18"]
[EventType "swiss (blitz)"]
[EventRounds "11"]
[EventCountry "NET"]
[Source "Mark Crowther"]
[SourceDate "2021.05.24"]

1. e4 c5 2. Nf3 d6 3. d4 cxd4 4. Nxd4 Nf6 5. Nc3 a6 6. Be3 e6 7. g4 h6 8. f4 b5
9. a3 Bb7 10. Bg2 Nbd7 11. Qe2 Rc8 12. O-O-O Rxc3 13. bxc3 Qa5 14. e5 Qxa3+ 15.
Kd2 Bxg2 16. exf6 Bxh1 17. Rxh1 Nxf6 18. Nb3 Ne4+ 19. Kd3 d5 20. Bd4 Qa4 21.
Ke3 Qc4 22. Qxc4 bxc4 23. Na5 Bd6 24. Rb1 O-O 25. h4 Ng3 26. Kf3 Ne4 27. Rb6
Bc7 28. Rxa6 g5 29. hxg5 hxg5 30. f5 e5 31. Bb6 Bxb6 32. Rxb6 Nxc3 33. Nc6 f6
34. Rb7 d4 35. Ne7+ Kg7 36. Nc6+ Rf7 37. Rb4 e4+ 38. Kf2 e3+ 39. Kf3 e2 40. Kf2
Rd7 41. Rxc4 Rd6 42. Nxd4 Ne4+ 43. Kxe2 Ng3+ 44. Kf3 Nh1 45. Ne6+ Kh6 46. Rc8
Kh7 47. Rc7+ Kh6 48. Nf8 1-0

[Event "Titled Tuesday 2021.05.18"]
[Site "chess.com INT"]
[Date "2021.05.18"]
[Round "2"]
[White "Atanasov, Anthony"]
[Black "Quirke, J."]
[Result "1-0"]
[WhiteElo "2172"]
[BlackElo "2107"]
[PlyCount "171"]
[EventDate "2021.05.18"]
[EventType "swiss (blitz)"]
[EventRounds "11"]
[EventCountry "NET"]
[Source "Mark Crowther"]
[SourceDate "2021.05.24"]

1. d4 d5 2. Bf4 e6 3. e3 Nf6 4. Nf3 Bd6 5. Nbd2 Bxf4 6. exf4 Qd6 7. Ne5 O-O 8.
c3 b6 9. Bd3 Ba6 10. Bc2 c5 11. Ndf3 Nc6 12. h4 cxd4 13. Nxc6 Qxc6 14. Qxd4 Qc4
15. O-O-O Qxd4 16. Nxd4 Rac8 17. f3 Nh5 18. f5 e5 19. Nb3 Nf4 20. Rd2 Rfd8 21.
Re1 f6 22. g4 d4 23. Be4 dxc3 24. Rxd8+ Rxd8 25. bxc3 Nd3+ 26. Bxd3 Rxd3 27. f4
Rxc3+ 28. Kb2 Rg3 29. fxe5 fxe5 30. Re4 Kf7 31. g5 Bb7 32. Rxe5 Rf3 33. Nd4
Rf2+ 34. Kb3 Rf4 35. Nb5 Bc6 36. Nd6+ Kf8 37. h5 h6 38. g6 Rh4 39. f6 gxf6 40.
g7+ Kxg7 41. Re7+ Kf8 42. Rf7+ Kg8 43. Rxa7 Rxh5 44. Rc7 Bd5+ 45. Kb2 Rh2+ 46.
Kc3 h5 47. Ne8 Rf2 48. Kd4 Bxa2 49. Ke3 Rf1 50. Ke2 Rf5 51. Nd6 Re5+ 52. Kf2 h4
53. Rc8+ Kg7 54. Ra8 Bd5 55. Ra7+ Kg6 56. Kg1 h3 57. Kh2 Bg2 58. Kg3 f5 59. Nf7
Re3+ 60. Kh2 Re2 61. Nh8+ Kg5 62. Rg7+ Kf4 63. Ng6+ Kf3 64. Nh4+ Kf2 65. Nxf5
Ke1 66. Ng3 b5 67. Nxe2 Kxe2 68. Re7+ Kd3 69. Re8 Kc4 70. Rc8+ Kb3 71. Kg3 b4
72. Rh8 Kb2 73. Kf2 b3 74. Ke3 Kb1 75. Kd2 Bf1 76. Kc3 b2 77. Rb8 h2 78. Rxb2+
Kc1 79. Rxh2 Kd1 80. Rf2 Ke1 81. Rd2 Be2 82. Rb2 Bd1 83. Kd3 Bf3 84. Ke3 Bd1
85. Rb1 Kf1 86. Kd2 1-0

[Event "Titled Tuesday 2021.05.18"]
[Site "chess.com INT"]
[Date "2021.05.18"]
[Round "3"]
[White "Vetokhin, Savva"]
[Black "Atanasov, Anthony"]
[Result "1-0"]
[WhiteElo "2270"]
[BlackElo "2172"]
[PlyCount "41"]
[EventDate "2021.05.18"]
[EventType "swiss (blitz)"]
[EventRounds "11"]
[EventCountry "NET"]
[Source "Mark Crowther"]
[SourceDate "2021.05.24"]

1. Nf3 Nf6 2. g3 g6 3. Bg2 Bg7 4. O-O O-O 5. d4 d5 6. c3 c5 7. dxc5 a5 8. Be3
Nc6 9. Nbd2 e5 10. Bg5 h6 11. Bxf6 Bxf6 12. e4 d4 13. cxd4 exd4 14. Nc4 Be6 15.
Rc1 d3 16. Qd2 Nd4 17. Qxd3 Nxf3+ 18. Qxf3 Bxc4 19. Rxc4 Bxb2 20. Qb3 Qd2 21.
Rc2 1-0

[Event "Titled Tuesday 2021.05.11"]
[Site "chess.com INT"]
[Date "2021.05.11"]
[Round "3"]
[White "Atanasov, Anthony"]
[Black "Csonka, B."]
[Result "0-1"]
[WhiteElo "2172"]
[BlackElo "2498"]
[PlyCount "64"]
[EventDate "2021.05.11"]
[EventType "swiss (blitz)"]
[EventRounds "11"]
[EventCountry "NET"]
[Source "Mark Crowther"]
[SourceDate "2021.05.17"]

1. d4 Nf6 2. Bf4 d5 3. e3 c5 4. Nf3 Nc6 5. Nbd2 Qb6 6. dxc5 Qxb2 7. Rb1 Qc3 8.
Bb5 e6 9. Nd4 Bd7 10. Ba4 Nxd4 11. Bxd7+ Nxd7 12. exd4 Qxd4 13. Be3 Qa4 14.
Rxb7 Bxc5 15. Bxc5 Nxc5 16. Rb1 Qxa2 17. O-O O-O 18. Nb3 Nxb3 19. Rxb3 Rfc8 20.
Rg3 Qxc2 21. Qd4 g6 22. h4 Rc4 23. Qf6 Qf5 24. Qe7 Qh5 25. Rf3 Rf8 26. Rh3 a5
27. Ra1 a4 28. Qd7 Rxh4 29. Rxh4 Qxh4 30. Rxa4 Qf6 31. Ra7 h5 32. Qd6 Kg7 0-1